|
|
|
|
| LEADER |
00000nas a2200000 a 4500 |
| 005 |
2011071507107.0 |
| 008 |
070305c19989999sp || ||s ||| 0 ||spa|| |
| 022 |
|
|
|a 0212-8195 (versin̤ en papel)
|
| 035 |
|
|
|a 109
|
| 040 |
|
|
|d vLex
|
| 090 |
|
|
|c 2227
|d 2227
|
| 110 |
1 |
|
|a Valencia (Cominidad autn̤oma).
|b Generalitat
|
| 245 |
1 |
0 |
|a Diari oficial de la Generalitat Valenciana
|h [Recurso electrn̤ico] =
|b diario oficial de la Generalidad Valenciana
|
| 246 |
1 |
3 |
|a Diari Oficial de la Comunitat Valenciana
|
| 246 |
1 |
3 |
|a DOGV
|
| 256 |
|
|
|a Servicio en ln̕ea.
|
| 260 |
|
|
|a Valencia :
|b Generalitat Valenciana. Secretara̕ General Tčnica de la Presidencia,
|c 1998-
|
| 310 |
|
|
|a Diaria
|
| 362 |
0 |
|
|a Aǫ 21, nm︢. 3154 (2 Ene. 1998)-
|
| 500 |
|
|
|a Conocido como: DOGV
|
| 500 |
|
|
|a Descripcin̤ basada en: Aǫ 30, nm︢. 5463 (5 marzo 2007); consulta 05/03/2007
|
| 530 |
|
|
|a Tambiň disponible en papel desde el aǫ 2006
|
| 530 |
|
|
|a A partir del 2007 la edicin̤ original del DOCV se publica en internet. Desaparece la edicin̤ en papel
|
| 538 |
|
|
|a Modalidad de acceso: World Wide Web
|
| 546 |
|
|
|a Texto en valenciano y castellano
|
| 580 |
|
|
|a Continuacin̤ de: Butllet ̕oficial del Consell del Pas̕ Valenci,̉ ISSN 0212-8209
|
| 610 |
1 |
4 |
|a Valencia (Comunidad Valenciana).
|b Generalitat
|x Revistas
|
| 650 |
|
|
|a Diarios oficiales
|z Valencia (Comunidad Valenciana)
|
| 740 |
0 |
|
|a vLex Revistas (Servicio en ln̕ea)
|
| 856 |
4 |
0 |
|z Acceso restringido
|u http://vlex.com/source/docv-109/section/1
|
| 942 |
|
|
|c REV
|